<?xml version="1.0" encoding="UTF-8"?>
<collection xmlns="http://www.loc.gov/MARC21/slim">
<record>
  <controlfield tag="001">302432</controlfield>
  <controlfield tag="005">20240928181212.0</controlfield>
  <datafield tag="035" ind1=" " ind2=" ">
    <subfield code="a">G:(GEPRIS)406909711</subfield>
  </datafield>
  <datafield tag="024" ind1="7" ind2=" ">
    <subfield code="a">G:(GEPRIS)406909711</subfield>
    <subfield code="d">406909711</subfield>
  </datafield>
  <datafield tag="040" ind1=" " ind2=" ">
    <subfield code="a">GEPRIS</subfield>
    <subfield code="c">http://gepris.its.kfa-juelich.de</subfield>
  </datafield>
  <datafield tag="150" ind1=" " ind2=" ">
    <subfield code="a">Durch das Gedächtnis navigieren: Wie räumlicher Kontext Erinnerungen organisiert</subfield>
    <subfield code="y">2018 - 2020</subfield>
  </datafield>
  <datafield tag="371" ind1=" " ind2=" ">
    <subfield code="a">Dr. Nora Alicia Herweg</subfield>
  </datafield>
  <datafield tag="450" ind1=" " ind2=" ">
    <subfield code="a">DFG project G:(GEPRIS)406909711</subfield>
    <subfield code="w">d</subfield>
    <subfield code="y">2018 - 2020</subfield>
  </datafield>
  <datafield tag="510" ind1="1" ind2=" ">
    <subfield code="a">Deutsche Forschungsgemeinschaft</subfield>
    <subfield code="0">I:(DE-588b)2007744-0</subfield>
    <subfield code="b">DFG</subfield>
  </datafield>
  <datafield tag="680" ind1=" " ind2=" ">
    <subfield code="a">Räumliche Information organisiert in elementarer Weise unsere Wahrnehmungen und Gedächtnisinhalte. Mit Hilfe invasiver Einzelzellableitung wurden die neuronalen Mechanismen räumlicher Navigation im Tierversuch beschrieben. Gedächtnisstudien im Menschen nutzen meist abstraktere sprach-basierte Experimente ohne räumliche Komponente. In Ratten wurde die Rolle von place und grid cells im medialen Temporallappen (MTL) für räumliche Repräsentationen hervorgehoben. Studien am Menschen hingegen, betonen die generelle Rolle des MTL für episodisches Gedächtnis. Um die Lücke zwischen diesen zwei Forschungsansätzen zu schließen, werde ich ein Paradigma verwenden, das räumliche Navigation und episodisches Gedächtnis kombiniert. Probanden navigieren hierbei durch eine virtuelle Stadt, während sie Objekte enkodieren, die sie später wieder abrufen. Um das räumliche Repräsentationssystem im menschlichen Gehirn, sowie seine Rolle für Navigation und episodisches Gedächtnis zu verstehen, plane ich mathematische Modellierung, Elektroenzephalographie (EEG) und intrakranieller Elektrophysiologie in Patienten mit pharma-resistenter Epilepsie zu nutzen. Intrakranielle Daten werden über konventionelle Makroelektroden aufgezeichnet, sowie über Mikroelektroden, die von der Spitze von Tiefenelektroden im MTL ausgehen. Letztere zeichnen Einzelzellaktivität und lokale Feldpotentiale auf. Mit Hilfe dieser Daten sollen drei Ziele erreicht werden: Zuerst soll ein mathematisches Modell erstellt werden, um die kognitiven Mechanismen, die räumlichem Gedächtnis und Navigation zugrunde liegen, zu verstehen. Das Modell beschreibt wie räumliche Information gespeichert und abgerufen wird um navigatorische Entscheidungen zu treffen. Dabei wird unterschieden zwischen Navigation, die auf Reiz-Reaktions-Verbindungen beruht und Navigation basierend auf einer kognitiven Karte. Des Weiteren werde ich EEG und intrakranielle Ableitungen nutzen um Repräsentationen der räumlichen Umwelt zu beschreiben. Der Fokus soll hierbei auf Einzelzellantworten, Theta Oszillation und deren Interaktion (z.B. phase precession) liegen. In Bezug auf Einzelzellaktivität soll unterschieden werden zwischen lokalen und nicht-lokalen Repräsentationen (i.e. Aktivität innerhalb vs. außerhalb des virtuellen place field). Nicht-lokale Repräsentationen könnten beim Gedächtnisabruf und dem Treffen von navigatorischen Entscheidungen eine wichtige Rolle spielen. Zuletzt soll die neuronale Grundlage des Erinnerns kontextueller Information beim Abruf episodischer Information, sowie die Rolle kontextueller Information für die Organisation von Abruf-Sequenzen beschrieben werden. Hierbei werde ich mich auf räumliche Repräsentationen in Unterregionen des MTL und in mit dem MTL verbundenen Hirnregionen (z.B. posteriorer Parietalkortex) konzentrieren. Diese multivariaten Analysen sollen mit Konnektivitätsanalysen ergänzt werden um den Fluss kontextueller Information beim Gedächtnisabruf abzubilden.</subfield>
  </datafield>
  <datafield tag="909" ind1="C" ind2="O">
    <subfield code="o">oai:juser.fz-juelich.de:969175</subfield>
    <subfield code="p">authority:GRANT</subfield>
    <subfield code="p">authority</subfield>
  </datafield>
  <datafield tag="980" ind1=" " ind2=" ">
    <subfield code="a">G</subfield>
  </datafield>
  <datafield tag="980" ind1=" " ind2=" ">
    <subfield code="a">AUTHORITY</subfield>
  </datafield>
  <datafield tag="909" ind1="C" ind2="O">
    <subfield code="o">oai:juser.fz-juelich.de:969175</subfield>
  </datafield>
</record>
</collection>